000
00332 a2200157 4500
001
179915
020
_a
040
_c
Magnum
100
_a
Azevedo, Ricardo
240
1
0
_a
Amar enquanto ha mar
_l
por
245
1
0
_a
Amar enquanto ha mar
362
0
_a
1899
440
1
_a
Melhoramentos
697
_a
MAGNITO: I/GERAL
942
_c
BK
999
_c
179915
_d
179915